000 00400nam a2200169Ia 4500
001 12851
003 IN-NITTTR
005 20251114233120.0
008 251113s9999||||xx |||||||||||||| ||eng||
040 _beng
040 _cIN-NITTTR
041 _aeng
082 _a371.1024 H249B
100 _aHarrop, Alex
245 0 _aBehaviour modification in the classroom /
_cHarrop, Alex
942 _2ddc
_cBK
999 _c15487
_d15487